=LDR 00000nam 2200000 4500 =001 INLIS000000000035328 =005 20130612141209 =008 ***********************************ind** =035 ##$$0010-061300000035328 =041 ##$$a ind =082 ##$$a 345.023 =090 ##$$a R.345.023, Pen p =245 ##$$a Penelitian hukum tentang koordinasi lembaga hukum dalam pemberatasan korupsi, Suherman tohan...[Et.Al] =260 ##$$a 2009 $b Jakarta =300 ##$$a X77 Hlm, 21 Cm =650 ##$$a Korupsi-Aspek hukum =700 ##$$a Tohan, Suherman =850 ##$$a NBPNMAT